| 000 | 00899nam a22002415a 4500 | ||
|---|---|---|---|
| 003 | OSt | ||
| 005 | 20170507111816.0 | ||
| 008 | 170308s2015 ua frb 000 0 ara d | ||
| 015 | _a2015 / 13864 | ||
| 020 | _a9789770482366 | ||
| 040 |
_aEG-ScBUE _bara _cEG-ScBUE |
||
| 043 | _af-ua--- | ||
| 082 | 0 | 4 |
_a346.6202 _bغ ا ن _222 |
| 100 | 1 | _aغانمي، علي حمزة عباس. | |
| 245 | 1 | 2 |
_aعطاء العقد وعطاء التفاوض في العقود الإدارية : _bدراسة مقارنة / _cعلي حمزة عباس الغانمي. |
| 260 |
_aالقاهرة : _bدار النهضة العربية، _c2015. |
||
| 300 |
_a230 ص. ؛ _c24 سم. |
||
| 504 | _aيشتمل على إرجاعات ببليوجرافية. | ||
| 650 | 7 |
_aالعقود الإدارية _xقوانين وتشريعات _zمصر. _2BUEsh |
|
| 651 | _2BUEsh | ||
| 653 |
_bLLAAWW _cMarch2017 |
||
| 942 | _2ddc | ||
| 999 |
_c24365 _d24337 |
||